000 00346nam a2200145Ia 4500
003 OSt
008 191201s2019 xx 000 0 und d
082 _a658.421
_bMAE
100 _aMANJEET,Kalra
245 0 _aEntrepreneurship Development and Planning
260 _bAITBS Pub
_aNew Delhi
_c2012
300 _a132
650 _aMBA
942 _2ddc
_cBK
999 _c7001
_d7001